Der genetische Zusammenhang zwischen den Graniten und Gneissen

Elmentve itt :
Bibliográfiai részletek
Szerző: Lengyel Endre
Dokumentumtípus: Cikk
Megjelent: 1929
Sorozat:Acta chemica, mineralogica et physica 1 No. 1
Kulcsszavak:Ásványtan, Gneisz - geológia, Gránit
Tárgyszavak:
Online Access:http://acta.bibl.u-szeged.hu/23274
LEADER 00759nab a2200205 i 4500
001 acta23274
005 20220504095415.0
008 161017s1929 hu o 0|| ger d
022 |a 0365-8074 
040 |a SZTE Egyetemi Kiadványok Repozitórium  |b hun 
041 |a ger 
100 1 |a Lengyel Endre 
245 1 4 |a Der genetische Zusammenhang zwischen den Graniten und Gneissen  |h [elektronikus dokumentum] /  |c  Lengyel Endre 
260 |c 1929 
300 |a 44-53 
490 0 |a Acta chemica, mineralogica et physica  |v 1 No. 1 
650 4 |a Természettudományok 
650 4 |a Föld- és kapcsolódó környezettudományok 
695 |a Ásványtan, Gneisz - geológia, Gránit 
856 4 0 |u http://acta.bibl.u-szeged.hu/23274/1/chem_min_phys_001_044-053.pdf  |z Dokumentum-elérés